000 00530nam a2200193Ia 4500
003 GCL
008 140319s9999 xx 000 0 ara d
040 _aGCL /
_cGCL
082 0 4 _a801.951
_bس ن
100 1 _aسمير سرحان
245 1 0 _aالنقد الموضوعى /
_cسمير سرحان
260 _a[S.N] :
_bالهيئة المصرية العامة للكتاب ،
_c1990
300 _a79 ص
490 _a
650 0 4 _aالنقد
650 0 4 _aالشعر
650 0 4 _aتاريخ ونقد
942 _2ddc
_cBK
999 _c27857
_d27857